| 000 | 00649nam a2200217 4500 | ||
|---|---|---|---|
| 001 | 168497 | ||
| 003 | ES-MaACL | ||
| 005 | 20250716062539.0 | ||
| 007 | t| | ||
| 008 | 080415s2007 sp ||||0| spa j | ||
| 020 | _a978-84-85708-07-9 | ||
| 080 | _a820-21"16" | ||
| 100 | 1 |
_aShakespeare, William, _d1564-1616 _9105992 |
|
| 245 | 1 | 0 |
_aMacbeth / _cWilliam Shakespeare ; versión [del inglés] rítmica de A. García Calvo. |
| 250 | _a2ª ed. | ||
| 260 |
_aMadrid : _bLucina, _c2007. |
||
| 300 |
_a102 p. ; _c19 cm. |
||
| 700 | 1 |
_aGarcía Calvo, Agustín, _d1926-2012 _9233841 |
|
| 852 | 4 |
_aES-MaACL _jL-29362 _bR.143375 |
|
| 999 |
_c168497 _d168497 |
||